000 00776cam a22002537i 4500
999 _c29428
_d29428
001 18752693
003 OSt
005 20171205200445.0
008 150821s2015 ke 000 1 eng
010 _a 2015331318
020 _a9789966259929
040 _aDLC
_beng
_cDLC
_erda
042 _alcode
050 0 0 _aMLCS 2015/00502 (P)
100 1 _aKiwana, Sira.
245 1 0 _aUgandan affairs /
_cSira Kiwana.
264 1 _aNairobi, Kenya :
_bEast African Educational Publishers Ltd.,
_c2015.
300 _ax, 426 pages ;
_c18 cm
336 _atext
_2rdacontent
337 _aunmediated
_2rdamedia
338 _avolume
_2rdacarrier
906 _a7
_bcbc
_corigode
_d4
_encip
_f20
_gy-gencatlg
942 _2lcc
_cAFRICANA
_hPR 9381.9 .K59 2015